OPAC Home

අසිරිමත් නව ලොව (Record no. 42398)

MARC details
000 -LEADER
fixed length control field 00555nam a2200193Ia 4500
008 - FIXED-LENGTH DATA ELEMENTS--GENERAL INFORMATION
fixed length control field 131003t2011 xxu||||| |||| 00| 0 sin d
041 ## - LANGUAGE CODE
Language code of text/sound track or separate title Sinhala; Sinhalese
080 ## - UNIVERSAL DECIMAL CLASSIFICATION NUMBER
Universal Decimal Classification number 8-31 (eng)
Item number HUX
942 ## - ADDED ENTRY ELEMENTS (KOHA)
Koha item type Books
003 - CONTROL NUMBER IDENTIFIER
control field LK-CoDNM
040 ## - CATALOGING SOURCE
Original cataloging agency LK-CoDNM
Modifying agency LK-CoDNM
Description conventions LK-CoDNM
100 ## - MAIN ENTRY--PERSONAL NAME
Personal name Huxley,Aldous
700 ## - ADDED ENTRY--PERSONAL NAME
Personal name Perera,K.A.N.
Relator term translater
245 ## - TITLE STATEMENT
Title අසිරිමත් නව ලොව
246 ## - VARYING FORM OF TITLE
Title proper/short title Asirimath Nawa Lowa
260 ## - PUBLICATION, DISTRIBUTION, ETC. (IMPRINT)
Place of publication, distribution, etc. Fast Publishing
-- Colombo
Date of publication, distribution, etc. 2011
300 ## - PHYSICAL DESCRIPTION
Other physical details 382p, 21 cm
500 ## - GENERAL NOTE
General note Sinhalese translation of Aldous Huxley's of Brave New World
Holdings
Withdrawn status Lost status Damaged status Not for loan Collection code Permanent Location Current Location Date acquired Full call number Barcode Koha item type
        Translation Library National Museum Colombo - Sri Lanka Library National Museum Colombo - Sri Lanka 2013-10-03 8-31 (eng) HUX 155529 Books
Copyright © 2023 Department of National Museum, Colombo 07, Sri Lanka Funded by UNESCO IFAP UNESCO